000 00682nam a22001937a 4500
005 20251108171734.0
008 250721s1989 xx 000 0 ara d
082 1 4 _aم/811.509/حصر
100 1 _aالحصري، أبو إسحق إبراهيم بن علي القيرواني
245 1 0 _aالمصون في سر الهوى المكنون /
264 1 _aالقاهرة :
_bدار العرب للبستاني،
_c1989.
300 _a248ص
650 1 7 _aالشعر الأندلسي
650 1 7 _aالتاريخ الأدبي
650 1 7 _aالنقد الأدبي
700 1 _aشعلان، النبوي عبد الواحد
_eتحقيق
942 _2ddc
_cREF
999 _c61270
_d61270